[Event "LTU-ch sf"]
[Site "Vilnius"]
[Date "2023.04.16"]
[Round "9"]
[White "Janulynas, Jonas"]
[Black "Mickunaite, Agne"]
[Result "0-1"]
[WhiteElo "1710"]
[BlackElo "1566"]
[PlyCount "134"]
[EventDate "2023.04.11"]
[EventType "swiss"]
[EventRounds "9"]
[EventCountry "LTU"]
[SourceTitle "CBM 213 Extra"]
[Source "ChessBase"]
[SourceDate "2023.05.31"]
[SourceVersion "1"]
[SourceVersionDate "2023.05.31"]
[SourceQuality "1"]

1. e4 c5 2. Nf3 d6 3. d4 cxd4 4. Nxd4 Nf6 5. Nc3 g6 6. Be3 Bg7 7. f3 a6 8. Qd2 h5 9. Bc4 Nc6 10. 0-0-0 Na5 11. Be2 b5 12. Kb1 Nc4 13. Bxc4 bxc4 14. Nce2 Bd7 15. Qc3 e5 16. Qxc4 exd4 17. Qxd4 0-0 18. Qxd6 Bb5 19. Nc3 Qxd6 20. Rxd6 Rfb8 21. Nxb5 Rxb5 22. Rb6 Rxb6 23. Bxb6 Nd7 24. Be3 Rb8 25. b3 Kf8 26. Rd1 Ke7 27. Rd5 Ra8 28. c4 Ke6 29. Kc2 f5 30. exf5+ gxf5 31. Kd3 Ne5+ 32. Kc2 Nc6 33. Bc5 Be5 34. g3 h4 35. f4 Bc7 36. a3 Rh8 37. Bf2 hxg3 38. Bxg3 Bd6 39. Kb2 a5 40. Rb5 Rh7 41. Rb6 Rc7 42. h4 Bc5 43. Ra6 Rc8 44. Be1 Kd7 45. Bxa5 Be3 46. Be1 Bxf4 47. b4 Ne5 48. Ra7+ Ke6 49. Ra6+ Kf7 50. Bc3 Nxc4+ 51. Kb3 Nd6 52. a4 Ke7 53. b5 Rb8 54. Kb4 Ne4 55. Bd4 Bg3 56. h5 f4 57. h6 f3 58. h7 f2 59. Ra7+ Ke6 60. Ra6+ Kd5 61. Bxf2 Bxf2 62. b6 Bxb6 63. Rxb6 Rxb6+ 64. Ka5 Rb8 65. Ka6 Nc5+ 66. Ka7 Rb7+ 67. Ka8 Rxh7 0-1

[Event "Klaipeda Sea op-A 19th"]
[Site "Klaipeda"]
[Date "2022.07.25"]
[Round "1"]
[White "Janulynas, Jonas"]
[Black "Kilius, Mindaugas"]
[Result "0-1"]
[WhiteElo "1748"]
[BlackElo "1408"]
[PlyCount "88"]
[EventDate "2022.07.25"]
[EventType "swiss"]
[EventRounds "7"]
[EventCountry "LTU"]
[SourceTitle "CBM 209 Extra"]
[Source "ChessBase"]
[SourceDate "2022.09.30"]
[SourceVersion "1"]
[SourceVersionDate "2022.09.30"]
[SourceQuality "1"]

1. e4 e6 2. Nf3 c5 3. d4 Qb6 4. Nc3 cxd4 5. Qxd4 Qxd4 6. Nxd4 a6 7. Na4 Bb4+ 8. c3 Ba5 9. Be3 Nf6 10. Nb3 Bc7 11. Bb6 Kd8 12. f3 Nc6 13. 0-0-0 Rb8 14. Be2 Bxb6 15. Nxb6 Kc7 16. Nxc8 Rbxc8 17. Rhe1 d5 18. exd5 Nxd5 19. g3 Rhd8 20. Bd3 Nf6 21. f4 Rd6 22. Bc4 Rxd1+ 23. Rxd1 Rd8 24. Rxd8 Kxd8 25. Nc5 Kc7 26. b4 a5 27. b5 Ne7 28. Kd2 b6 29. Nd3 Ne4+ 30. Kc2 Nd6 31. Kb3 Nef5 32. Ne5 f6 33. Nf3 Nxc4 34. Kxc4 Nd6+ 35. Kb3 Nxb5 36. a4 Nd6 37. Nd4 Kd7 38. c4 Ne4 39. Ne2 Kd6 40. Nc3 Nxc3 41. Kxc3 Kc5 42. g4 g6 43. h4 h6 44. h5 gxh5 0-1

[Event "Panevezys op-A"]
[Site "Panevezys"]
[Date "2019.06.26"]
[Round "4"]
[White "Golsta, Madara"]
[Black "Janulynas, Jonas"]
[Result "1-0"]
[WhiteElo "1912"]
[BlackElo "1725"]
[PlyCount "74"]
[EventDate "2019.06.24"]
[EventType "swiss"]
[EventRounds "9"]
[EventCountry "LTU"]
[SourceTitle "CBM 191 Extra"]
[Source "ChessBase"]
[SourceDate "2019.09.30"]
[SourceVersion "1"]
[SourceVersionDate "2019.09.30"]
[SourceQuality "1"]

1. c4 Nf6 2. g3 e6 3. Bg2 d5 4. Nf3 b6 5. 0-0 Bb7 6. b3 g6 7. Bb2 Bg7 8. d3 0-0 9. Nbd2 Nbd7 10. Rc1 Re8 11. Rc2 e5 12. cxd5 Nxd5 13. Qa1 Rc8 14. a3 c5 15. Nc4 Qe7 16. Re1 Ba8 17. Bh3 f5 18. e4 Nc7 19. Nh4 fxe4 20. dxe4 Rcd8 21. Nf3 Nb5 22. Bxd7 Rxd7 23. Nfxe5 Nd4 24. Bxd4 Rxd4 25. f4 Rxe4 26. Rxe4 Bxe4 27. Re2 Ba8 28. Qf1 Qb7 29. Kf2 Bxe5 30. Nxe5 Qd5 31. Re3 Kg7 32. Rd3 Qe6 33. Qa1 Qf6 34. Rd7+ Kg8 35. Qc3 Bc6 36. Qc4+ Qe6 37. Nxc6 Qxc4 1-0

[Event "Panevezys op-B"]
[Site "Panevezys"]
[Date "2017.07.07"]
[Round "6"]
[White "Janulynas, Jonas"]
[Black "Petersons, Ojars"]
[Result "0-1"]
[WhiteElo "1746"]
[BlackElo "1699"]
[PlyCount "60"]
[EventDate "2017.07.03"]
[EventType "swiss"]
[EventRounds "9"]
[EventCountry "LTU"]
[SourceTitle "EXT 2018"]
[Source "ChessBase"]
[SourceDate "2017.10.13"]
[SourceVersion "1"]
[SourceVersionDate "2017.10.13"]
[SourceQuality "1"]

1. e4 c5 2. Nf3 a6 3. d4 cxd4 4. Nxd4 Nf6 5. e5 Qa5+ 6. Nc3 Qxe5+ 7. Be2 e6 8. 0-0 Nc6 9. Nf3 Qc7 10. Bg5 Be7 11. Re1 d5 12. Bd3 0-0 13. a3 Rd8 14. Qe2 h6 15. Bh4 Bd7 16. h3 Re8 17. Bg3 Bd6 18. Bxd6 Qxd6 19. Rad1 Qc7 20. Qd2 Rad8 21. b4 b5 22. Bf1 Bc8 23. Ne2 e5 24. Nc3 d4 25. Ne4 Nxe4 26. Rxe4 Bf5 27. Ree1 e4 28. Nh4 Bh7 29. g3 Ne5 30. Ng2 Nf3+ 0-1

[Event "Panevezys op-B"]
[Site "Panevezys"]
[Date "2017.07.04"]
[Round "3"]
[White "Vorobieva, Varvara"]
[Black "Janulynas, Jonas"]
[Result "1/2-1/2"]
[WhiteElo "1610"]
[BlackElo "1746"]
[PlyCount "49"]
[EventDate "2017.07.03"]
[EventType "swiss"]
[EventRounds "9"]
[EventCountry "LTU"]
[SourceTitle "EXT 2018"]
[Source "ChessBase"]
[SourceDate "2017.10.13"]
[SourceVersion "1"]
[SourceVersionDate "2017.10.13"]
[SourceQuality "1"]

1. e4 e5 2. Nf3 Nc6 3. Nc3 Nf6 4. d4 exd4 5. Nxd4 Bb4 6. Nxc6 Bxc3+ 7. bxc3 bxc6 8. Bd3 h6 9. 0-0 0-0 10. Bb2 Re8 11. f3 d6 12. c4 c5 13. Qd2 Rb8 14. Rab1 Rb6 15. Bc3 Nd7 16. Qf2 Nf6 17. Rfd1 Qe7 18. h3 Bd7 19. Ba5 Rxb1 20. Rxb1 Bc6 21. Bc3 Nd7 22. Qd2 Qg5 23. Qxg5 hxg5 24. Rb3 Rb8 25. Kf2 1/2-1/2

[Event "LTU-ch sf"]
[Site "Vilnius"]
[Date "2015.02.24"]
[Round "8"]
[White "Janulynas, Jonas"]
[Black "Kuvsinov, Anatolij"]
[Result "0-1"]
[WhiteElo "1804"]
[BlackElo "1825"]
[PlyCount "90"]
[EventDate "2015.02.18"]
[EventType "swiss"]
[EventRounds "8"]
[EventCountry "LTU"]
[SourceTitle "CBM 165 Extra"]
[Source "ChessBase"]
[SourceDate "2015.04.21"]
[SourceVersion "1"]
[SourceVersionDate "2015.04.21"]
[SourceQuality "1"]

1. g3 e5 2. Bg2 Nf6 3. d3 d5 4. Nc3 c6 5. e4 Bg4 6. f3 Be6 7. exd5 cxd5 8. Qe2 Nc6 9. Bg5 Qb6 10. Qd2 d4 11. Nd1 Nd5 12. f4 f6 13. Bh4 Ne3 14. Nxe3 dxe3 15. Qc1 exf4 16. gxf4 g5 17. fxg5 Qb4+ 18. Kf1 Qxh4 19. Qxe3 Kf7 20. Re1 Re8 21. Bd5 Qg4 22. Nf3 Bd6 23. h3 Qf5 24. Be4 Qf4 25. Qxf4 Bxf4 26. gxf6 Kxf6 27. b3 Re7 28. c4 Rhe8 29. Kf2 Bf5 30. Bxf5 Kxf5 31. Rxe7 Rxe7 32. Re1 Rxe1 33. Nxe1 Nd4 34. Nf3 Nxf3 35. Kxf3 Bc1 36. d4 Bb2 37. Ke3 Kg5 38. d5 Kf5 39. a4 Ba3 40. Kd4 b6 41. Kc3 a5 42. Kd4 Bc5+ 43. Kd3 Kf4 44. h4 h5 45. Kc3 Ke3 0-1

[Event "LTU-ch sf"]
[Site "Vilnius"]
[Date "2015.02.22"]
[Round "6"]
[White "Janulynas, Jonas"]
[Black "Karpiejus, Edvardas"]
[Result "1-0"]
[WhiteElo "1804"]
[BlackElo "1415"]
[PlyCount "43"]
[EventDate "2015.02.18"]
[EventType "swiss"]
[EventRounds "8"]
[EventCountry "LTU"]
[SourceTitle "CBM 165 Extra"]
[Source "ChessBase"]
[SourceDate "2015.04.21"]
[SourceVersion "1"]
[SourceVersionDate "2015.04.21"]
[SourceQuality "1"]

1. e4 c5 2. Nf3 Nc6 3. d4 cxd4 4. Nxd4 Nf6 5. Nc3 e6 6. Ndb5 Bc5 7. Nd6+ Ke7 8. Nxc8+ Rxc8 9. Bd3 d5 10. 0-0 Ne5 11. Bg5 d4 12. Na4 Nxd3 13. cxd3 e5 14. Nxc5 Rxc5 15. Qb3 b6 16. Rac1 Qc7 17. Rxc5 Qxc5 18. Rc1 Qd6 19. Qc4 Rd8 20. Qb5 Rd7 21. f4 a6 22. Qxe5+ 1-0

[Event "LTU-ch sf"]
[Site "Vilnius"]
[Date "2015.02.19"]
[Round "2"]
[White "Janulynas, Jonas"]
[Black "Misiuk, Ernest"]
[Result "0-1"]
[WhiteElo "1804"]
[BlackElo "1648"]
[PlyCount "60"]
[EventDate "2015.02.18"]
[EventType "swiss"]
[EventRounds "8"]
[EventCountry "LTU"]
[SourceTitle "CBM 165 Extra"]
[Source "ChessBase"]
[SourceDate "2015.04.21"]
[SourceVersion "1"]
[SourceVersionDate "2015.04.21"]
[SourceQuality "1"]

1. e4 c5 2. Nf3 d6 3. d4 cxd4 4. Nxd4 Nf6 5. Nc3 a6 6. Bg5 e6 7. f4 Be7 8. Qf3 Qc7 9. 0-0-0 Nbd7 10. g4 b5 11. Bxf6 Nxf6 12. g5 Nd7 13. f5 0-0 14. f6 gxf6 15. gxf6 Nxf6 16. Rg1+ Kh8 17. Bd3 Bb7 18. Qh3 Rac8 19. Rdf1 Rg8 20. Rxg8+ Rxg8 21. Rxf6 Bxf6 22. e5 Bg5+ 23. Kd1 Rg7 24. Nf3 Bxf3+ 25. Qxf3 dxe5 26. Qa8+ Rg8 27. Qxa6 Qc5 28. Qxb5 Qg1+ 29. Ke2 Qe3+ 30. Kf1 Bh4 0-1

[Event "Vilnius op"]
[Site "Vilnius"]
[Date "2014.11.24"]
[Round "7"]
[White "Misiuk, Karolina"]
[Black "Janulynas, Jonas"]
[Result "1-0"]
[WhiteElo "1592"]
[BlackElo "1777"]
[PlyCount "47"]
[EventDate "2014.11.19"]
[EventType "swiss"]
[EventRounds "9"]
[EventCountry "LTU"]
[SourceTitle "CBM 163 Extra"]
[Source "ChessBase"]
[SourceDate "2014.12.23"]
[SourceVersion "1"]
[SourceVersionDate "2014.12.23"]
[SourceQuality "1"]

1. d4 Nf6 2. c4 e5 3. dxe5 Ng4 4. Nh3 Bb4+ 5. Bd2 Bxd2+ 6. Nxd2 Nxe5 7. e3 d6 8. Nf4 Nbd7 9. Nf3 0-0 10. Nd5 Re8 11. Nd4 c6 12. Nc3 Nf6 13. Be2 a6 14. a4 a5 15. 0-0 Bg4 16. Bxg4 Nfxg4 17. Nf5 Qg5 18. Nxd6 Nxh2 19. f4 Qh4 20. Nf5 Nef3+ 21. gxf3 Qh3 22. Rf2 Qxf5 23. e4 Qxf4 24. Rxh2 1-0

[Event "Vilnius op"]
[Site "Vilnius"]
[Date "2014.11.22"]
[Round "5"]
[White "Grybas, Gintaras"]
[Black "Janulynas, Jonas"]
[Result "1-0"]
[WhiteElo "1990"]
[BlackElo "1777"]
[PlyCount "67"]
[EventDate "2014.11.19"]
[EventType "swiss"]
[EventRounds "9"]
[EventCountry "LTU"]
[SourceTitle "CBM 163 Extra"]
[Source "ChessBase"]
[SourceDate "2014.12.23"]
[SourceVersion "1"]
[SourceVersionDate "2014.12.23"]
[SourceQuality "1"]

1. d4 e6 2. c4 Nf6 3. Nf3 d5 4. Bf4 Bb4+ 5. Bd2 Bxd2+ 6. Nbxd2 0-0 7. e3 Nbd7 8. Bd3 Re8 9. 0-0 e5 10. dxe5 Nxe5 11. Nxe5 Rxe5 12. Nf3 Bg4 13. Be2 Re8 14. Qb3 dxc4 15. Bxc4 Be6 16. Bxe6 Rxe6 17. Rad1 Qc8 18. Rd4 c5 19. Rc4 b6 20. Qc2 Qf8 21. e4 h6 22. Nh4 Rd8 23. f3 Qd6 24. Nf5 Qd2 25. Qb3 Rd3 26. Rc2 Rxb3 27. Rxd2 Rb4 28. Rfd1 g6 29. Ne3 b5 30. b3 Ra6 31. Nc2 Rxa2 32. Nxb4 Rxd2 33. Rxd2 cxb4 34. Ra2 1-0

[Event "Klaipeda Sea op-A 11th"]
[Site "Klaipeda"]
[Date "2014.07.25"]
[Round "5"]
[White "Pocius, Vaclovas"]
[Black "Janulynas, Jonas"]
[Result "1/2-1/2"]
[WhiteElo "1705"]
[BlackElo "1829"]
[PlyCount "100"]
[EventDate "2014.07.21"]
[EventType "swiss"]
[EventRounds "7"]
[EventCountry "LTU"]
[SourceTitle "CBM 161 Extra"]
[Source "ChessBase"]
[SourceDate "2014.08.29"]
[SourceVersion "1"]
[SourceVersionDate "2014.08.29"]
[SourceQuality "1"]

1. d4 Nf6 2. Nc3 d5 3. Bg5 Bf5 4. e3 e6 5. Bd3 Bxd3 6. Qxd3 c5 7. Nf3 cxd4 8. exd4 Be7 9. Qb5+ Qd7 10. Ne5 Qxb5 11. Nxb5 Na6 12. f3 Nd7 13. Bf4 f6 14. Nd3 0-0 15. Kd2 Kf7 16. Rhe1 g5 17. Bd6 Bxd6 18. Nxd6+ Ke7 19. Nxb7 Rab8 20. Na5 Kd6 21. Re2 Nb4 22. Rae1 Rfe8 23. Nc5 Nxc5 24. dxc5+ Kxc5 25. a3 Nxc2 26. Kxc2 e5 27. b4+ Kd6 28. Kd3 Rec8 29. Rc2 Rxc2 30. Kxc2 f5 31. Kd3 Rc8 32. Nb7+ Kc6 33. Nc5 e4+ 34. Kd4 a5 35. Nb3 Kb5 36. Rc1 Rxc1 37. Nxc1 axb4 38. axb4 Kxb4 39. Kxd5 exf3 40. gxf3 Kc3 41. Ke5 f4 42. Ne2+ Kd3 43. Nxf4+ Ke3 44. Nh3 Kxf3 45. Nxg5+ Kg2 46. Nf3 Kxf3 47. Kf5 h5 48. h4 Ke3 49. Kg5 Ke4 50. Kxh5 Kf5 1/2-1/2

[Event "Klaipeda Sea op-A 10th"]
[Site "Klaipeda"]
[Date "2013.07.25"]
[Round "4"]
[White "Janulynas, Jonas"]
[Black "Buivydas, Skirmantas"]
[Result "1/2-1/2"]
[WhiteElo "1850"]
[BlackElo "1802"]
[PlyCount "66"]
[EventDate "2013.07.22"]
[EventType "swiss"]
[EventRounds "7"]
[EventCountry "LTU"]
[SourceTitle "CBM 155 Extra"]
[Source "ChessBase"]
[SourceDate "2013.08.26"]
[SourceVersion "1"]
[SourceVersionDate "2013.08.26"]
[SourceQuality "1"]

1. e4 c5 2. Nf3 Nc6 3. d4 cxd4 4. Nxd4 Nf6 5. Nc3 Qc7 6. Be3 e6 7. a3 a6 8. Be2 b5 9. Qd2 Bb7 10. 0-0 Be7 11. f3 Rc8 12. Nb3 d6 13. Rad1 0-0 14. Kh1 Ne5 15. Bg5 Rfd8 16. Rfe1 h6 17. Be3 d5 18. exd5 Nxd5 19. Nxd5 Bxd5 20. Nd4 Qb7 21. Bd3 Bf6 22. Qf2 Qe7 23. Bf4 Nxd3 24. Rxd3 Qa7 25. c3 Bc4 26. Rd2 Qc5 27. Qg3 Kh7 28. Be5 Bxe5 29. Rxe5 Rd5 30. Rxd5 Bxd5 31. h3 Qc4 32. Qe1 a5 33. Qe2 b4 1/2-1/2

[Event "LTU-ch sf"]
[Site "Vilnius"]
[Date "2013.02.23"]
[Round "1"]
[White "Janulynas, Jonas"]
[Black "Zaksaite, Salomeja"]
[Result "0-1"]
[WhiteElo "1852"]
[BlackElo "2162"]
[PlyCount "90"]
[EventDate "2013.02.23"]
[EventType "swiss"]
[EventRounds "8"]
[EventCountry "LTU"]
[SourceTitle "CBM 153 Extra"]
[Source "ChessBase"]
[SourceDate "2013.04.22"]
[SourceVersion "1"]
[SourceVersionDate "2013.04.22"]
[SourceQuality "1"]

1. e4 c5 2. Nf3 Nc6 3. d4 cxd4 4. Nxd4 e5 5. Nb5 d6 6. N1c3 a6 7. Na3 b5 8. Nd5 Nce7 9. c4 Nxd5 10. cxd5 f5 11. Bd3 fxe4 12. Bxe4 Nf6 13. Bg5 Qa5+ 14. Bd2 Qb6 15. Be3 Qb7 16. f3 Be7 17. 0-0 0-0 18. Qd3 Bd7 19. Kh1 Rac8 20. Bg5 h6 21. Be3 Bd8 22. b4 a5 23. bxa5 Bxa5 24. Rfc1 Ra8 25. Rab1 Rfb8 26. h3 Bd8 27. Rb2 Ra4 28. Rcb1 Qa6 29. Rb3 Ra8 30. Bc1 Rd4 31. Qe2 Nxe4 32. fxe4 Qa4 33. Nxb5 Bxb5 34. Rxb5 Rd1+ 35. Kh2 Rxc1 36. R1b4 Qa7 37. Rb7 Qg1+ 38. Kg3 Bf6 39. Rb8+ Rc8 40. R8b7 Rf8 41. Qg4 Rxa2 42. Rb2 Rxb2 43. Rxb2 Qe3+ 44. Kh2 Qf4+ 45. Qxf4 exf4 0-1